Notas jurídico - teológicas según el derecho colombiano (Registro nro. 303900)

Detalles MARC
000 -ENCABEZADO
Número de control [NR] 01784nam a2200277 4500
005 - FECHA Y HORA DE LA ÚLTIMA TRANSACCIÓN
control field 20160801113517.0
008 - DE LONGITUD FIJA DE DATOS DE ELEMENTOS - INFORMACIÓN GENERAL
Elementos de longitud fija [NR] 160801s1895 ck |||fr|||| 00| 0 spa d
040 ## - FUENTE DE CATALOGACION [NR]
Agencia de catalogación original [NR] CO-BoUCM
Idioma de catalogación [NR] spa
Quien Cataloga Sandra Yazo
Quien Clasifica Sandra Yazo
041 0# - CODIGO DE IDIOMA [R]
Código de idioma para texto/pista de sonido o título separado [R] Español
082 04 - NUMERO DE CLASIFICACION DECIMAL DEWEY [R]
Número de la edición [NR] 20
Número de clasificación [R] 341.026
092 ## - SIGNATURA TOPOGRAFICA LOCAL
Número de clasificación local E40N114
100 1# - ASIENTO PRINCIPAL--NOMBRE PERSONAL [NR]
ID Autoridad 76106
Nombre personal [NR] Valenzuela, Mario
245 10 - MENCION DE TITULO [NR]
Título [NR] Notas jurídico - teológicas según el derecho colombiano
Mención de responsabilidad, etc. [NR] por el P. Mario Valenzuela
260 ## - PUBLICACION, DISTRIBUCION, ETC. (PIE DE IMPRENTA) [R]
Lugar de publicación, distribución, etc. [R] Pasto (Colombia)
Nombre del editor, distribuidor, etc. [R] Imprenta de la Diócesis
Fecha de publicación, distribución, etc. [R] 1895
300 ## - DESCRIPCION FISICA [R]
Extensión [R] 2 obras en el volumen (92 ; 105 páginas)
Dimensiones [R] 23 x 16 cm
500 ## - NOTA GENERAL [R]
Nota general [NR] Detalles físicos: Encuadernación rígida (holandesa) en cartón forrado en papel, lomo en tela con letras en dorado. Tapas con bordes deteriorados, raspaduras y residuos de cinta pegante. Guardas, la delantera con sello de tinta. Portada en una sola tinta, notas al pie de página. Márgenes amplios. Segunda obra incluye portada, texto en una columna y notas al pie de página.
500 ## - NOTA GENERAL [R]
Nota general [NR] Ejemplar miscelaneo, incluye dos obras. Datos de publicación de la segunda obra: Bogotá. Imprenta de Medardo Rivas, 1895. [Universidad Nacional]
505 0# - NOTA DE CONTENIDO CON FORMATO PREESTABLECIDO [R]
Nota de contenido con formato preestablecido [NR] Notas Jurídico-teológicas: Razón de la obra Dominio ; Pagos ; Contratos y actos análogos ; Matrimonio ; Notas varias ; Errata -- Estudio sobre los concordatos: Introducción ; Concordato de 1887 ; Concordato de 1892
506 ## - NOTA DE RESTRICCIONES DE ACCESO [R]
Condiciones de acceso [NR] Consulta en sala
650 #7 - ASIENTO SECUNDARIO DE MATERIA - TERMINO TEMATICO [R]
9 (RLIN) 12679
Término temático o nombre geográfico como elemento de entrada [NR] Derecho (Teología)
Subdivisión geográfica [R] Colombia
650 #7 - ASIENTO SECUNDARIO DE MATERIA - TERMINO TEMATICO [R]
Subdivisión general [R] Concordatos
Subdivisión geográfica [R] Colombia
9 (RLIN) 47668
690 ## - ASUNTO AGREGADO LOCAL DE ENTRADA - TÉRMINO TEMÁTICO (OCLC, RLIN)
Acceso temático local Filosofía del derecho
9 (RLIN) 15792
700 1# - ASIENTO SECUNDARIO - NOMBRE PERSONAL [R]
9 (RLIN) 66123
Nombre personal [NR] Guerra, José Joaquín
740 0# - ASIENTO SECUNDARIO – TITULOS RELACIONADOS/ANALITICOS NO CONTROLADOS [R]
Título relacionado o analítico no controlado [NR] Estudio sobre los concordatos celebrados entre su santidad León XIII y el Gobierno de Colombia en los años 1887 y 1892 por Jose Joaquín Guerra
942 ## - ELEMENTOS DE ENTRADA AGREGADOS (KOHA)
Sistema de clasificación LOCAL
Tipo de ítem principal el descrito en 300a Libro
Edición 1
Clasificación E40N114
Existencias
Suprimido Perdido Sistema de clasificación Dañado No prestable Tipo de ítem específico Ubicación habitual Ubicación actual Localización Fecha de creación Forma de adquisición Costo Total préstamos Signatura topográfica Código de barras Última vez visto Ejemplar Price effective from Tipo de ítem
    LOCAL     Libro archivo Archivo Histórico Archivo Histórico Archivo histórico 01/08/2016 Donación 0.00   E40N114 L005804 01/08/2016 Ej.1 01/08/2016 Libro